Catálogo público

Tecnología de los vinos blancos / Tullio De Rosa ; traducción Ana Casp Vanaclocha y Alfredo González Salgueiro (Record no. 209726)

MARC details
000 -CABECERA
campo de control de longitud fija 01175nam a2200361Ia 4500
001 - NÚMERO DE CONTROL
campo de control dia_7307
003 - IDENTIFICADOR DEL NÚMERO DE CONTROL
campo de control CHAP
005 - FECHA Y HORA DE LA ÚLTIMA TRANSACCIÓN
campo de control 20240417135859.0
008 - DATOS DE LONGITUD FIJA--INFORMACIÓN GENERAL
campo de control de longitud fija 220601s9999 xx 000 0 und d
020 ## - NÚMERO INTERNACIONAL ESTÁNDAR DEL LIBRO
Número Internacional Estándar del Libro 84-7114-700-9
040 ## - FUENTE DE LA CATALOGACIÓN
Centro catalogador/agencia de origen CHAP
082 ## - NÚMERO DE LA CLASIFICACIÓN DECIMAL DEWEY
Número de clasificación 663.222 R67 1998
100 ## - ENTRADA PRINCIPAL--NOMBRE DE PERSONA
Nombre de persona Rosa, Tullio de
9 (RLIN) 134969
240 ## - TÍTULO UNIFORME
Título uniforme Tecnologia dei vini bianchi. Español
245 ## - MENCIÓN DE TÍTULO
Título Tecnología de los vinos blancos / Tullio De Rosa ; traducción Ana Casp Vanaclocha y Alfredo González Salgueiro
260 ## - PUBLICACIÓN, DISTRIBUCIÓN, ETC.
Lugar de publicación, distribución, etc. España : Mundi-Prensa
300 ## - DESCRIPCIÓN FÍSICA
Extensión 527 p.
500 ## - NOTA GENERAL
Nota general Título original: Tecnologia dei vini bianchi
503 ## - NOTA DE HISTORIA BIBLIOGRÁFICA (BK CF MU) [OBSOLETO]
Nota de historia bibliográfica C.
504 ## - NOTA DE BIBLIOGRAFÍA, ETC.
Nota de bibliografía, etc. Incluye bibliografías
590 ## - NOTA LOCAL (RLIN)
Nota local TP548 R67 1998
650 ## - PUNTO DE ACCESO ADICIONAL DE MATERIA--TÉRMINO DE MATERIA
Término de materia o nombre geográfico como elemento de entrada 1. Vinos blancos - Análisis
650 ## - PUNTO DE ACCESO ADICIONAL DE MATERIA--TÉRMINO DE MATERIA
Término de materia o nombre geográfico como elemento de entrada Viticultura - Italia
650 ## - PUNTO DE ACCESO ADICIONAL DE MATERIA--TÉRMINO DE MATERIA
Término de materia o nombre geográfico como elemento de entrada Vinificación
9 (RLIN) 151244
650 ## - PUNTO DE ACCESO ADICIONAL DE MATERIA--TÉRMINO DE MATERIA
Término de materia o nombre geográfico como elemento de entrada White wines - Analysis
650 ## - PUNTO DE ACCESO ADICIONAL DE MATERIA--TÉRMINO DE MATERIA
Término de materia o nombre geográfico como elemento de entrada Viticulture - Italy
650 ## - PUNTO DE ACCESO ADICIONAL DE MATERIA--TÉRMINO DE MATERIA
Término de materia o nombre geográfico como elemento de entrada Winemaking
9 (RLIN) 151246
700 ## - PUNTO DE ACCESO ADICIONAL--NOMBRE DE PERSONA
Nombre de persona Casp Vanaclocha, Ana, tr. \ González Salgueiro, Alfredo, tr.Ì
9 (RLIN) 176500
901 ## - ELEMENTOS DE DATOS A LOCAL LDA (RLIN)
a 663.222 R67 1998
902 ## - ELEMENTOS DE DATOS B LOCAL, LDB (RLIN)
a A
905 ## - ELEMENTOS DE DATOS E LOCAL, LDE (RLIN)
a 5232271998 sp aimn8222223322spa16
942 ## - ELEMENTOS DE PUNTO DE ACCESO ADICIONAL (KOHA)
Tipo de ítem Koha Libro
Fuente del sistema de clasificación o colocación Dewey Decimal Classification
Holdings
Estado de retiro Estado de pérdida Fuente del sistema de clasificación o colocación Estado dañado No para préstamo Código de colección Localización permanente Ubicación/localización actual Fecha de adquisición Total de préstamos Signatura topográfica completa Código de barras Fecha visto por última vez Fecha del último préstamo Número de copia Precio válido a partir de Tipo de ítem Koha
    Dewey Decimal Classification     General Ingenieria Agroindustrial Ingenieria Agroindustrial 01/06/2022 1 663.222 R67 1998 dia_013060 20/10/2022 06/09/2022 4 01/06/2022 Libro
    Dewey Decimal Classification     General Ingenieria Agroindustrial Ingenieria Agroindustrial 01/06/2022   663.222 R67 1998 dia_013057 01/06/2022   1 01/06/2022 Libro
    Dewey Decimal Classification     General Ingenieria Agroindustrial Ingenieria Agroindustrial 01/06/2022   663.222 R67 1998 dia_013058 01/06/2022   2 01/06/2022 Libro
    Dewey Decimal Classification     General Ingenieria Agroindustrial Ingenieria Agroindustrial 01/06/2022   663.222 R67 1998 dia_013059 01/06/2022   3 01/06/2022 Libro